DIAGNOSTIC FAULT OF THE INDUCTION MACHINE WITH APPLICATION OF THE NEURAL NETWORK

Bibliographic Details
Main Authors: Benazza, Baghdadi (Author), Bounoua, Houria (Author), Mendaz, Kheira (Author)
Format: Article
Language:English

MARC

LEADER 00000nab a2200000uu 4500
001 vtls011153528
003 SK-MaSNL
005 20260303151220.0
008 230222|2014 xo |||||||||||||||||eng|
015 |a SNBRB 
035 |a (urnnbn)urn:nbn:sk:snk:ar-a0a5tg 
035 |a (uuid)93c728c0-8fc7-4402-ab09-3bcf29df3929 
035 |a urn:nbn:sk:snk-abb2h5 
040 |a SNKBUCL  |b slo  |c SNKBUCL  |e AACR2 
041 0 |a eng 
044 |a xo  |c SK 
100 1 |a Benazza, Baghdadi  |4 aut  |9 1170471 
245 1 0 |a DIAGNOSTIC FAULT OF THE INDUCTION MACHINE WITH APPLICATION OF THE NEURAL NETWORK  |c Baghdadi Benazza, Houria Bounoua, Kheira Mendaz 
700 1 |a Bounoua, Houria  |4 aut  |9 1170472 
700 1 |a Mendaz, Kheira  |4 aut  |9 1170473 
773 0 |t Acta electrotechnica et informatica : (Tlačené vyd.)  |g Roč. 14, č. 1 (2014), s. 58-66 
954 |a odborná, vedecká literatúra cudzojazyčná (svetová)  |2 lita 
958 |a OND 
958 |a EUIPO 
958 |a article14 
999 |c 2016644  |d 2018574